000 01176nam a22003377a 4500
003 CHAP
005 20220329140625.0
008 971013s1987 r 00010 d
010 _a54939
011 _a55911
035 _a60064
040 _cCHAP
090 _aTesis
100 0 0 _aAguilar Garcia, Felipe.
_92708
245 _aPrograma analítico para la materia de fotogrametría y fotoimterpretación en zonas áridas
260 _aCd. Lerdo, Dgo. :
_bEl autor,
_c1987
300 _a(65) h.
502 _aTesis (Ing. Agr. Esp. en Bosques) -- UACH. División de Ciencias Forestales
590 _aALEPH
_b10
_c20130110
_lUCH01
_h1332
590 _aBATCH-UPD
_b10
_c20130109
_lUCH01
_h2340
590 _aBATCH-UPD
_b10
_c20130110
_lUCH01
_h2243
590 _aBATCH-UPD
_b10
_c20130409
_lUCH01
_h1909
590 _aBATCH-UPD
_b10
_c20130410
_lUCH01
_h1537
590 _aBATCH-UPD
_b10
_c20130914
_lUCH01
_h1433
590 _aCONVERSION
_b10
_c20130109
_lUCH01
_h1330
650 1 4 _aFotogrametría
_xEstudio y enseñanza.
_942724
650 1 4 _aFotointerpretación
_xEstudio y enseñanza.
_942731
901 _aBK
942 _cTESIS
949 _bBC
_cTES
_d-129612
_eTS1
_h20698
_i60064
_si
999 _c54939
_d54939